[Event "DEN-ch M5 Gr1"]
[Site "Koge"]
[Date "2005.??.??"]
[Round "5"]
[White "Dongart, Dennis"]
[Black "Jensen, Michael Agermose"]
[Result "1/2-1/2"]
[WhiteElo "2122"]
[BlackElo "2108"]
[PlyCount "36"]
[EventDate "2005.03.24"]
[EventType "swiss"]
[EventRounds "5"]
[EventCountry "DEN"]
[SourceTitle "EXT 2018"]
[Source "ChessBase"]
[SourceDate "2017.10.13"]
[SourceVersion "1"]
[SourceVersionDate "2017.10.13"]
[SourceQuality "1"]

1. e4 c5 2. Nf3 g6 3. c3 Bg7 4. d4 cxd4 5. cxd4 d5 6. e5 Nc6 7. Nc3 Bg4 8. Be2 Nh6 9. h3 Bxf3 10. Bxf3 Nf5 11. Be3 e6 12. 0-0 0-0 13. Bg4 Nce7 14. Bg5 f6 15. exf6 Bxf6 16. Bxf6 Rxf6 17. Qd2 Qb6 18. Rad1 Raf8 1/2-1/2

[Event "DEN-ch M5"]
[Site "Koge"]
[Date "2004.??.??"]
[Round "5"]
[White "Bonnez, Finn"]
[Black "Dongart, Dennis"]
[Result "1/2-1/2"]
[WhiteElo "2098"]
[BlackElo "2094"]
[PlyCount "54"]
[EventDate "2004.04.08"]
[EventType "swiss"]
[EventRounds "5"]
[EventCountry "DEN"]
[SourceTitle "EXT 2018"]
[Source "ChessBase"]
[SourceDate "2017.10.13"]
[SourceVersion "1"]
[SourceVersionDate "2017.10.13"]
[SourceQuality "1"]

1. d4 Nf6 2. Nf3 g6 3. g3 Bg7 4. Bg2 0-0 5. c4 d6 6. Nc3 Nc6 7. d5 Nb8 8. e4 e5 9. h3 b6 10. 0-0 a5 11. Be3 Na6 12. Ne1 Ne8 13. Nd3 f5 14. f3 Nf6 15. Qd2 Nh5 16. Ne2 Nc5 17. Nxc5 bxc5 18. g4 Nf6 19. Rab1 Nd7 20. b3 Nb6 21. Bg5 Bf6 22. Bxf6 Qxf6 23. Qh6 Bd7 24. Kh2 Kh8 25. gxf5 gxf5 26. Qxf6+ Rxf6 27. f4 Rg8 1/2-1/2

[Event "Politiken Cup 22nd"]
[Site "Copenhagen"]
[Date "2000.07.23"]
[Round "7"]
[White "Pedersen, Steffen"]
[Black "Dongart, Dennis"]
[Result "0-1"]
[WhiteElo "2464"]
[BlackElo "2138"]
[PlyCount "56"]
[EventDate "2000.07.17"]
[EventType "swiss"]
[EventRounds "11"]
[EventCountry "DEN"]
[SourceTitle "CBM 077 Extra"]
[Source "ChessBase"]
[SourceDate "2000.09.14"]
[SourceVersion "1"]
[SourceVersionDate "2000.09.14"]
[SourceQuality "1"]

1. e4 c6 2. d4 d5 3. Nc3 dxe4 4. Nxe4 Nf6 5. Nxf6+ gxf6 6. c3 Bf5 7. Ne2 Nd7 8. Ng3 Bg6 9. h4 h5 10. Be2 Qa5 11. Bd2 0-0-0 12. c4 Qb6 13. Bc3 Nc5 14. Qd2 Bh6 15. Qd1 e5 16. b4 Ne4 17. Nxe4 Bxe4 18. c5 Qc7 19. Bxh5 exd4 20. Bd2 Bxd2+ 21. Kxd2 Qf4+ 22. Ke1 Rde8 23. Kf1 Rhg8 24. Bf3 d3 25. Bxe4 Qxe4 26. Qf3 Qc4 27. Rh3 d2+ 28. Qd3 Qc1+ 0-1

[Event "Politiken Cup 21st"]
[Site "Copenhagen"]
[Date "1999.07.10"]
[Round "7"]
[White "Olsen, Peter Erik"]
[Black "Dongart, Dennis"]
[Result "0-1"]
[WhiteElo "2248"]
[BlackElo "2095"]
[PlyCount "128"]
[EventDate "1999.07.04"]
[EventType "swiss"]
[EventRounds "11"]
[EventCountry "DEN"]
[SourceTitle "CBM 071 Extra"]
[Source "ChessBase"]
[SourceDate "1999.09.14"]
[SourceVersion "1"]
[SourceVersionDate "1999.09.14"]
[SourceQuality "1"]

1. d4 Nf6 2. c4 g6 3. f3 d5 4. cxd5 Nxd5 5. e4 Nb6 6. Be3 Bg7 7. Nc3 0-0 8. Qd2 e5 9. d5 f5 10. 0-0-0 N8d7 11. Nh3 f4 12. Bg1 Nf6 13. Ng5 h6 14. Ne6 Bxe6 15. dxe6 Qxd2+ 16. Rxd2 Rfd8 17. a4 Rxd2 18. Kxd2 Rd8+ 19. Kc2 Bf8 20. a5 Nc8 21. Bc4 Kg7 22. a6 b6 23. Bf2 Ne8 24. g3 c6 25. Bb3 Nc7 26. gxf4 exf4 27. Ne2 g5 28. h4 Nxa6 29. hxg5 hxg5 30. Bd4+ Kg6 31. Rg1 Bd6 32. e5 Bc5 33. Nxf4+ Kf5 34. Nh3 Be7 35. Bc3 Nc5 36. Bc4 Rh8 37. Rg3 b5 38. Be2 Nb6 39. b4 Nca4 40. Bd3+ Kxe6 41. Nxg5+ Bxg5 42. Rxg5 Rh2+ 43. Kb3 Nxc3 44. Kxc3 Nd5+ 45. Kd4 Rd2 46. Ke4 Nxb4 47. Bf1 Rh2 48. f4 Nd5 49. f5+ Ke7 50. Rg7+ Kf8 51. Rxa7 Rf2 52. Ra8+ Ke7 53. f6+ Nxf6+ 54. exf6+ Rxf6 55. Bg2 Kd6 56. Kd4 Kc7 57. Be4 Rh6 58. Rf8 Kb6 59. Rf7 Rd6+ 60. Kc3 Rh6 61. Kb4 Rh4 62. Re7 Rh6 63. Bf5 Rf6 64. Be6 Rf3 0-1

[Event "Politiken Cup 21st"]
[Site "Copenhagen"]
[Date "1999.07.04"]
[Round "2"]
[White "Jorgensen, Michael"]
[Black "Dongart, Dennis"]
[Result "1-0"]
[WhiteElo "2274"]
[BlackElo "2095"]
[PlyCount "67"]
[EventDate "1999.07.04"]
[EventType "swiss"]
[EventRounds "11"]
[EventCountry "DEN"]
[SourceTitle "CBM 071 Extra"]
[Source "ChessBase"]
[SourceDate "1999.09.14"]
[SourceVersion "1"]
[SourceVersionDate "1999.09.14"]
[SourceQuality "1"]

1. d4 Nf6 2. c4 g6 3. Nc3 d5 4. Nf3 Bg7 5. Qb3 dxc4 6. Qxc4 0-0 7. e4 Bg4 8. Be3 Nfd7 9. Qb3 Bxf3 10. gxf3 Nc6 11. 0-0-0 Na5 12. Qa3 b6 13. h4 c5 14. dxc5 Qc8 15. Kb1 Ne5 16. Nd5 Qb7 17. cxb6 Nec4 18. Bxc4 Nxc4 19. Qxe7 Qa6 20. Bd4 axb6 21. a3 Qb5 22. Qb4 Qxb4 23. Nxb4 f5 24. h5 b5 25. hxg6 hxg6 26. Bxg7 Kxg7 27. Rd7+ Kf6 28. exf5 gxf5 29. f4 Ke6 30. Rhh7 Rae8 31. Nc6 Nd6 32. Nd4+ Kd5 33. Nxb5 Rf6 34. Nc7+ 1-0

[Event "Aktiv Alliancen op"]
[Site "Taastrup"]
[Date "1999.02.09"]
[Round "4"]
[White "Aagaard, Jacob"]
[Black "Dongart, Dennis"]
[Result "1-0"]
[WhiteElo "2399"]
[BlackElo "2163"]
[PlyCount "75"]
[EventDate "1999.02.??"]
[EventType "swiss"]
[EventRounds "7"]
[EventCountry "DEN"]
[SourceTitle "EXT 2000"]
[Source "ChessBase"]
[SourceDate "1999.11.16"]
[SourceVersion "1"]
[SourceVersionDate "1999.11.16"]
[SourceQuality "1"]

1. e4 c6 2. d4 d5 3. exd5 cxd5 4. c4 Nf6 5. Nc3 e6 6. Nf3 Bb4 7. Bd3 0-0 8. 0-0 Nc6 9. Bg5 dxc4 10. Bxc4 b6 11. a3 Be7 12. Qd3 Bb7 13. Rad1 Nd5 14. h4 Nxc3 15. Qxc3 Na5 16. Ba2 Rc8 17. Qd3 Bxf3 18. Qxf3 Bxg5 19. hxg5 Qxg5 20. d5 e5 21. Rfe1 Nc4 22. d6 Nxb2 23. d7 Rcd8 24. Rd5 Qf4 25. Qxf4 exf4 26. Re7 g6 27. Bb3 b5 28. Rxb5 Kg7 29. Rd5 Rb8 30. Re2 Rxb3 31. Re8 Rb8 32. Rxf8 Rxf8 33. d8Q Rxd8 34. Rxd8 a5 35. Rd5 Nc4 36. a4 h5 37. Rc5 Nd6 38. Rxa5 1-0

[Event "Aktiv Alliancen op"]
[Site "Taastrup"]
[Date "1999.02.07"]
[Round "2"]
[White "Danielsen, Heini"]
[Black "Dongart, Dennis"]
[Result "1-0"]
[WhiteElo "2165"]
[BlackElo "2163"]
[PlyCount "93"]
[EventDate "1999.02.??"]
[EventType "swiss"]
[EventRounds "7"]
[EventCountry "DEN"]
[SourceTitle "EXT 2000"]
[Source "ChessBase"]
[SourceDate "1999.11.16"]
[SourceVersion "1"]
[SourceVersionDate "1999.11.16"]
[SourceQuality "1"]

1. e4 c6 2. d4 d5 3. Nd2 dxe4 4. Nxe4 Nf6 5. Nxf6+ gxf6 6. Qd3 Nd7 7. Bf4 Nb6 8. c4 Bg4 9. Be2 Qd7 10. Bxg4 Qxg4 11. Ne2 Qg6 12. Qb3 0-0-0 13. a4 e5 14. a5 exf4 15. axb6 a6 16. Qf3 Bb4+ 17. Kf1 Rhe8 18. Qxf4 Rd7 19. Rc1 Qd3 20. Qf3 Qd2 21. g3 Rde7 22. Qf5+ Kd8 23. Rc2 Qg5 24. Qf4 Rd7 25. Qxg5 fxg5 26. f3 c5 27. d5 Rd6 28. h4 h6 29. hxg5 hxg5 30. Rh7 Re7 31. g4 f6 32. Rxe7 Kxe7 33. Ng3 Rxb6 34. Nf5+ Kf8 35. Re2 Ba5 36. d6 Rb3 37. Kf2 Rd3 38. Re7 b5 39. cxb5 axb5 40. Ra7 Bd8 41. Rd7 Ke8 42. Rh7 c4 43. Ke2 Bb6 44. Rb7 Bd4 45. Ng7+ Kd8 46. Ne6+ Kc8 47. d7+ 1-0

[Event "Skolernes CC op"]
[Site "Aarhus"]
[Date "1997.??.??"]
[Round "8"]
[White "Dongart, Dennis"]
[Black "Hoiberg, Nina"]
[Result "1-0"]
[WhiteElo "2155"]
[BlackElo "2280"]
[PlyCount "87"]
[EventDate "1997.??.??"]
[EventType "swiss"]
[EventRounds "9"]
[EventCountry "DEN"]
[SourceTitle "EXT 1999"]
[Source "ChessBase"]
[SourceDate "1998.11.16"]
[SourceVersion "1"]
[SourceVersionDate "1998.11.16"]
[SourceQuality "1"]

1. e4 e5 2. Nf3 Nc6 3. Bc4 Nf6 4. d3 Be7 5. 0-0 0-0 6. Nc3 d6 7. h3 Na5 8. Bb3 Nxb3 9. axb3 h6 10. Nh2 Nh7 11. f4 exf4 12. Bxf4 c6 13. Qf3 Ng5 14. Qe3 Ne6 15. g4 d5 16. Qg3 Nxf4 17. Qxf4 Bc5+ 18. Kh1 Qh4 19. Kg2 Be6 20. Ne2 dxe4 21. dxe4 Qg5 22. Nf3 Qxf4 23. Nxf4 Rfe8 24. Rad1 Bb6 25. Nd4 Bc8 26. Kf3 a5 27. Nf5 Bxf5 28. gxf5 a4 29. Rd7 Ra7 30. bxa4 Rxa4 31. Re1 Ba5 32. Re2 Rb4 33. Nd3 Rb5 34. c3 Bd8 35. b4 Rb6 36. Nc5 Bf6 37. Re3 Re7 38. Rd8+ Kh7 39. Nd7 Rxd7 40. Rxd7 Kg8 41. e5 Bg5 42. Red3 Rb5 43. Ke4 Kf8 44. Rc7 1-0

[Event "Skolernes CC op"]
[Site "Aarhus"]
[Date "1997.??.??"]
[Round "2"]
[White "Dongart, Dennis"]
[Black "Volzhin, Alexander"]
[Result "0-1"]
[WhiteElo "2155"]
[BlackElo "2505"]
[PlyCount "60"]
[EventDate "1997.??.??"]
[EventType "swiss"]
[EventRounds "9"]
[EventCountry "DEN"]
[SourceTitle "EXT 1999"]
[Source "ChessBase"]
[SourceDate "1998.11.16"]
[SourceVersion "1"]
[SourceVersionDate "1998.11.16"]
[SourceQuality "1"]

1. e4 c5 2. Nf3 e6 3. d4 cxd4 4. Nxd4 a6 5. Bd3 Nf6 6. 0-0 d6 7. c4 Be7 8. Nc3 Bd7 9. Be3 Nc6 10. Rc1 0-0 11. Nxc6 Bxc6 12. f4 b5 13. e5 dxe5 14. fxe5 Nd7 15. cxb5 axb5 16. Bf4 Qb6+ 17. Kh1 Nc5 18. Bb1 b4 19. Qc2 g6 20. Nd1 f5 21. Be3 Qb7 22. a3 f4 23. Rxf4 Rxf4 24. Bxf4 Rf8 25. Be3 Rf1+ 26. Bg1 Bg5 27. Ne3 Rxc1 28. Qxc1 Bxg2+ 29. Nxg2 Bxc1 30. Bxc5 bxa3 0-1

[Event "Naestved Unichess 1"]
[Site "Naestved"]
[Date "1996.10.19"]
[Round "4"]
[White "Dongart, Dennis"]
[Black "Rasmussen, Per Arnt"]
[Result "1-0"]
[WhiteElo "2030"]
[BlackElo "2037"]
[PlyCount "115"]
[EventDate "1996.10.12"]
[EventType "swiss"]
[EventRounds "5"]
[EventCountry "DEN"]
[SourceTitle "EXT 2023"]
[Source "ChessBase"]
[SourceDate "2022.10.05"]
[SourceVersion "1"]
[SourceVersionDate "2022.10.05"]
[SourceQuality "1"]

1. e4 c5 2. Nf3 a6 3. c3 e6 4. d4 d5 5. dxc5 Bxc5 6. exd5 exd5 7. Bd3 Nc6 8. 0-0 Nf6 9. Bg5 h6 10. Bh4 0-0 11. Nbd2 Bg4 12. h3 Be6 13. Nb3 Ba7 14. Bc2 Qd6 15. Bxf6 gxf6 16. Nfd4 Qf4 17. Qd3 Rfe8 18. Nxc6 bxc6 19. Nd4 Bxd4 20. cxd4 f5 21. Rfe1 Reb8 22. Qc3 Rb6 23. Re3 Kh8 24. Rf3 Qg5 25. Re1 Rab8 26. b3 Rg8 27. Rg3 Qf4 28. Rf3 Qg5 29. Rg3 Qf4 30. Rxg8+ Kxg8 31. Re3 Rb8 32. Bd3 c5 33. Rg3+ Kh7 34. dxc5 d4 35. Qc2 Qe5 36. Rf3 Rd8 37. Bxa6 Qe1+ 38. Kh2 Qe5+ 39. g3 Qe4 40. Qd3 Bd5 41. Qxe4 fxe4 42. Rf6 Be6 43. Be2 d3 44. Bd1 Rb8 45. Rf4 f5 46. g4 Kg6 47. c6 Rc8 48. gxf5+ Bxf5 49. Rxf5 Rxc6 50. Re5 Rc1 51. Bh5+ Kf6 52. Rxe4 Rc2 53. a4 Rxf2+ 54. Kg3 Rb2 55. b4 Kg5 56. Bf3 h5 57. h4+ Kf5 58. Rd4 1-0

[Event "Politiken Cup 18th"]
[Site "Copenhagen"]
[Date "1996.??.??"]
[Round "10"]
[White "Dongart, Dennis"]
[Black "Borge, Nikolaj"]
[Result "0-1"]
[WhiteElo "2155"]
[BlackElo "2455"]
[PlyCount "114"]
[EventDate "1996.06.??"]
[EventType "swiss"]
[EventRounds "11"]
[EventCountry "DEN"]
[SourceTitle "CBM 054 Extra"]
[Source "ChessBase"]
[SourceDate "1996.11.01"]
[SourceVersion "1"]
[SourceVersionDate "1996.11.01"]
[SourceQuality "1"]

1. e4 c5 2. Nf3 d6 3. Bb5+ Nd7 4. 0-0 Ngf6 5. Re1 a6 6. Bf1 b6 7. d3 Bb7 8. c4 e6 9. Nc3 Ne5 10. g3 Nxf3+ 11. Qxf3 Be7 12. b3 0-0 13. Bb2 Rb8 14. Qe2 Nd7 15. f4 Bf6 16. Bg2 b5 17. Kh1 Qb6 18. g4 Bd4 19. Qc2 Rbe8 20. Ne2 Bxb2 21. Qxb2 bxc4 22. dxc4 Nf6 23. Ng3 Nxg4 24. Nh5 f6 25. Bf3 g6 26. Bxg4 gxh5 27. Bxh5 Re7 28. Rg1+ Kh8 29. Bf3 Qc7 30. Rg3 Rg7 31. Rag1 Rxg3 32. Rxg3 e5 33. f5 Qa5 34. Qg2 Bxe4 35. h4 Bxf3 36. Qxf3 Qe1+ 37. Kh2 Rg8 38. Rxg8+ Kxg8 39. Qg4+ Kf8 40. Qh5 Qf2+ 41. Kh3 Qf1+ 42. Kh2 Qf4+ 43. Kg2 Kg7 44. Qd1 e4 45. Qd5 Qf3+ 46. Kh2 Qf2+ 47. Kh3 e3 48. Qb7+ Kh6 49. Qc8 Qf3+ 50. Kh2 Kh5 51. Qd7 Qf2+ 52. Kh3 Qxh4+ 53. Kg2 Kg4 54. Qg7+ Kf4 55. Qe7 Qg3+ 56. Kh1 Kf3 57. Qb7+ Kf2 0-1

[Event "Politiken Cup 18th"]
[Site "Copenhagen"]
[Date "1996.??.??"]
[Round "1"]
[White "Dongart, Dennis"]
[Black "Liss, Eran"]
[Result "0-1"]
[WhiteElo "2155"]
[BlackElo "2480"]
[PlyCount "90"]
[EventDate "1996.06.??"]
[EventType "swiss"]
[EventRounds "11"]
[EventCountry "DEN"]
[SourceTitle "CBM 054"]
[Source "ChessBase"]
[SourceDate "1996.10.01"]
[SourceVersion "1"]
[SourceVersionDate "1996.10.01"]
[SourceQuality "1"]

1. e4 e5 2. Nf3 Nc6 3. Bb5 a6 4. Bxc6 dxc6 5. d4 exd4 6. Qxd4 Qxd4 7. Nxd4 Bd7 8. Be3 0-0-0 9. Nd2 Re8 10. 0-0-0 c5 11. Ne2 g6 12. Rhe1 Ne7 13. f3 h5 14. Nf4 h4 15. Nc4 g5 16. Nd5 Nxd5 17. exd5 g4 18. Bf4 Rxe1 19. Rxe1 gxf3 20. gxf3 Rg8 21. Nd2 Rg2 22. Kd1 b5 23. Re2 Rg6 24. Ne4 c4 25. c3 Kb7 26. Be3 Kc8 27. Re1 f5 28. Nc5 Bd6 29. Nxd7 Kxd7 30. Rg1 Rxg1+ 31. Bxg1 Bf4 32. h3 Kd6 33. Ke2 Bc1 34. Kd1 Bxb2 35. Kc2 Ba3 36. Bf2 Kxd5 37. Bxh4 Ke6 38. Bg3 Bd6 39. Bf2 Kf6 40. Kd2 Be5 41. Bh4+ Kg6 42. Be1 Kg5 43. Ke3 a5 44. h4+ Kh5 45. Bd2 Kxh4 0-1

[Event "Statoil Cup"]
[Site "Denmark"]
[Date "1995.??.??"]
[Round "4"]
[White "Dongart, Dennis"]
[Black "Bogdanovich, Grigory Grigorievic"]
[Result "0-1"]
[WhiteElo "2180"]
[BlackElo "2405"]
[PlyCount "96"]
[EventDate "1995.??.??"]
[EventType "tourn"]
[EventRounds "9"]
[EventCountry "DEN"]
[SourceTitle "EXT 1999"]
[Source "ChessBase"]
[SourceDate "1998.11.16"]
[SourceVersion "1"]
[SourceVersionDate "1998.11.16"]
[SourceQuality "1"]

1. e4 c5 2. Nf3 Nf6 3. e5 Nd5 4. Nc3 Nxc3 5. dxc3 Nc6 6. Bf4 e6 7. Bc4 Qc7 8. 0-0 h6 9. Re1 b6 10. Qe2 Bb7 11. Rad1 0-0-0 12. Bg3 Na5 13. Ba6 Kb8 14. Nd2 d5 15. exd6 Bxd6 16. Bxd6 Rxd6 17. Ne4 Rxd1 18. Rxd1 Rd8 19. Rxd8+ Qxd8 20. Bxb7 Nxb7 21. Qd3 Kc8 22. g3 Qd7 23. Qxd7+ Kxd7 24. Kf1 Nd6 25. Nd2 c4 26. Ke2 e5 27. Ke3 Ke6 28. a4 Kd5 29. b3 f5 30. f3 a6 31. h4 g5 32. hxg5 hxg5 33. f4 exf4+ 34. gxf4 g4 35. Ke2 b5 36. axb5 axb5 37. Ke3 Ne4 38. Nb1 Kc5 39. Ke2 Nf6 40. b4+ Kc6 41. Kf2 Nd5 42. Kg3 Kd6 43. Nd2 Nxc3 44. Kh4 Ne2 45. Nf1 Nxf4 46. Kg5 Ke5 47. Ne3 g3 48. Nf1 g2 0-1